| 000 | 01218cam a2200337 i 4500 | ||
|---|---|---|---|
| 999 |
_c200446198 _d64410 |
||
| 001 | 200446198 | ||
| 003 | TR-AnTOB | ||
| 005 | 20230104092707.0 | ||
| 007 | ta | ||
| 008 | 780515s1968 xxka d 000 0 eng d | ||
| 035 | _aOCLC ocm35346660 from D971007M | ||
| 035 | _a(TR-AnTOB)200446198 | ||
| 040 |
_aCAI _beng _erda _cCAI _dEQO _dTR-AnTOB |
||
| 041 | 0 |
_aeng _ager _afre _aita _arus _aspa |
|
| 050 | 4 |
_aTJ1385 _b.I58 1968 |
|
| 090 |
_aTJ1385 _b.I58 1968 |
||
| 245 | 1 | 0 |
_aInternational illustrated dictionary : _bprinted in six languages / _ccompiled and produced by the Mechanical Handling Association. |
| 250 | _a10th ed. | ||
| 264 | 1 |
_aLondon : _bMechanical Handling Engineers' Association, _c1968. |
|
| 300 |
_a50 pages : _billustrations ; _c14 cm |
||
| 336 |
_atext _btxt _2rdacontent |
||
| 337 |
_aunmediated _bn _2rdamedia |
||
| 338 |
_avolume _bnc _2rdacarrier |
||
| 500 | _aEnglish, French, German, Italian, Russian, Spanish. | ||
| 650 | 0 |
_aConveying machinery _vDictionaries _xPolyglot _9135023 |
|
| 650 | 0 |
_aMaterials handling _vDictionaries _xPolyglot _9135025 |
|
| 710 | 2 |
_aMechanical Handling Engineers' Association _9135022 |
|
| 942 |
_2lcc _cBK |
||